000 00951nam0a22002531 4500
001 rc\2816324
005 20250806211226.0
035 _a(NLR Aleph) 006942048
090 _a39255
_c39255
100 _a20110915d1945 u y0rusy50 ca
101 0 _arus
102 _aRU
105 _ay z |||a|
200 1 _aКорабли выходят в море
_e[Ист. роман об адмирале Ушакове]
_fМарианна Яхонтова
210 _aМосква
_aЛенинград
_cизд. и 1-я типолит. Военмориздата
_d1945
_eМосква
215 _a392 с.
_cзаставки, концовки
_d20 см.
700 1 _aЯхонтова
_bМ.С.
_f1902-1981
_gМарианна Сергеевна
801 0 _aRU
_bNLR
_gpsbo
801 1 _aRU
_bELAR
_2rusmarc
852 _aNLR
_jЛ30 Г-3/386
942 _cBOOK
945 _aРоссийская национальная библиотека
980 _aNB
980 _aBV